000 00600nam a22002417a 4500
003 UA-OsUOA
001 31291
007 ta
008 20041209b un ||||| |||| 00| 0 ukr d
100 _aФейгин Э.
090 _a821.161.1
_bФ36
942 _cBK
040 _aUA-OsUOA
_brus
_cUA-OsUOA
_dUA-OsUOA
245 _aМальчик пляшет под дождем
_bПовесть
300 _a319 с.
955 _a0
041 _arus
080 _a821.161.1
260 _aМосква
_bДетская литература
_c1968
044 _aRU
650 7 _2UDC
999 _c317713
_d317713